[Event "European Online CC GpB"]
[Site "Tornelo INT"]
[Date "2021.03.27"]
[Round "3.2"]
[Board "1"]
[White "Edouard, Romain"]
[Black "Vidit, Santosh Gujrathi"]
[Result "0-1"]
[WhiteTitle "GM"]
[BlackTitle "GM"]
[WhiteElo "2611"]
[BlackElo "2726"]
[WhiteTeam "Club d'Echecs de Geneve"]
[BlackTeam "Novy Bor"]
[WhiteFideId "633429"]
[BlackFideId "5029465"]
[EventDate "2021.03.27"]
[EventType "team"]

1. d4 Nf6 2. c4 e6 3. Nc3 Bb4 4. Nf3 O-O 5. Bg5 c5 6. Rc1 cxd4 7. Nxd4 e5 8. Nb5
d5 9. cxd5 a6 10. Na3 Qxd5 11. Bxf6 Qxd1+ 12. Kxd1 gxf6 13. Nc4 Rd8+ 14. Kc2 Nc6
15. Nb6 Rb8 16. Nxc8 Rbxc8 17. e3 Bxc3 18. bxc3 Nb4+ 19. Kb3 Nd3 20. Bxd3 Rxd3
21. a4 e4 22. h4 f5 23. h5 Kg7 24. Rh4 Kf6 25. Rf4 Rg8 26. Rg1 Rg4 27. Rxg4 fxg4
28. Kc2 g3 29. Rf1 gxf2 30. Rxf2+ Ke6 31. Re2 f5 32. Re1 Kf6 33. Rb1 Rxe3 34.
Rxb7 Re2+ 35. Kd1 Rxg2 36. Rxh7 f4 37. h6 f3 38. Rh8 Kg6 39. h7 Kg7 40. Re8 Kxh7
41. Ke1 Re2+ 42. Kf1 Kg6 43. c4 Kf5 44. c5 Rc2 0-1

[Event "European Online CC GpB"]
[Site "Tornelo INT"]
[Date "2021.03.28"]
[Round "5.4"]
[Board "4"]
[White "Venard, Paul-andre"]
[Black "Meylan, Andre"]
[Result "0-1"]
[WhiteElo "2048"]
[BlackElo "2205"]
[WhiteTeam "Vandoeuvre-Echecs"]
[BlackTeam "Cercle d'Echecs de Monte-Carlo 1"]
[WhiteFideId "686522"]
[BlackFideId "1301225"]
[EventDate "2021.03.27"]
[EventType "team"]

1. d4 e6 2. c4 Nf6 3. Nc3 Bb4 4. e3 O-O 5. Ne2 d5 6. a3 Bd6 7. c5 Be7 8. b4 b6
9. Nf4 c6 10. Be2 Nbd7 11. O-O a5 12. Bd2 Ba6 13. Bxa6 Rxa6 14. Nd3 Qc7 15. Qe2
Rfa8 16. Rab1 axb4 17. axb4 bxc5 18. bxc5 e5 19. f3 Bf8 20. Rb3 g6 21. Rfb1 Ra1
22. Be1 Rxb1 23. Nxb1 e4 24. Nc1 Bh6 25. f4 Rb8 26. Qb2 Rxb3 27. Qxb3 g5 28.
fxg5 Bxg5 29. Bg3 Qa5 30. h3 h5 31. Ne2 h4 32. Bf2 Kg7 33. Qc2 Nh5 34. Nd2 Ng3
35. Bxg3 Bxe3+ 36. Bf2 Bxd2 37. Bxh4 Be3+ 38. Kh2 f5 39. Bg3 Nf6 40. Qb2 Qd2 41.
Qxd2 Bxd2 42. Be5 Kg6 0-1

[Event "European Online CC GpB"]
[Site "Tornelo INT"]
[Date "2021.03.28"]
[Round "7.1"]
[Board "4"]
[White "Nikel, Rastislav"]
[Black "Grochal, Joey"]
[Result "0-1"]
[BlackTitle "FM"]
[WhiteElo "1984"]
[BlackElo "2335"]
[WhiteTeam "SK Lions Levice"]
[BlackTeam "De Pluspion Wachtebeke"]
[WhiteFideId "14904861"]
[BlackFideId "1019945"]
[EventDate "2021.03.27"]
[EventType "team"]

1. e4 c5 2. Nf3 e6 3. d4 cxd4 4. Nxd4 Nc6 5. Nc3 Qc7 6. Be3 a6 7. Be2 Nf6 8. O-O
Bb4 9. f3 O-O 10. Qd3 Ne5 11. Qd2 d5 12. Bg5 Nc4 13. Bxc4 Qxc4 14. Bxf6 gxf6 15.
a3 Bc5 16. Ne2 e5 17. b3 Bxd4+ 18. Kh1 Qc5 19. Qh6 Qc6 20. exd5 Qxc2 21. Qxf6
Bxa1 22. Rxa1 Qf5 23. Qd6 Re8 24. Ng3 Qg6 25. Qc7 Bf5 26. d6 Red8 27. Rd1 Rd7
28. Qc5 Qe6 29. Re1 Re8 30. f4 f6 31. fxe5 fxe5 32. Rf1 Bg6 33. h4 Qg4 34. Rf3
Qxh4+ 35. Kg1 Qd4+ 0-1

[Event "European Online CC GpB"]
[Site "Tornelo INT"]
[Date "2021.03.28"]
[Round "7.3"]
[Board "3"]
[White "Villegas, Pierre"]
[Black "Heinemann, Thies"]
[Result "1/2-1/2"]
[WhiteTitle "IM"]
[BlackTitle "GM"]
[WhiteElo "2367"]
[BlackElo "2502"]
[WhiteTeam "Cercle d'Echecs de Monte-Carlo 1"]
[BlackTeam "Hamburger Schachklub 1830"]
[WhiteFideId "654183"]
[BlackFideId "4601556"]
[EventDate "2021.03.27"]
[EventType "team"]

1. d4 Nf6 2. c4 e6 3. Nc3 Bb4 4. e3 b6 5. Ne2 c5 6. a3 Ba5 7. Rb1 Na6 8. f3 O-O
9. Kf2 d5 10. cxd5 Bxc3 11. Nxc3 exd5 12. dxc5 bxc5 13. b4 d4 14. exd4 cxb4 15.
axb4 Nc7 16. Bc4 Bf5 17. Rb2 Nfd5 18. Nxd5 Nxd5 19. Bxd5 Qxd5 20. Be3 Rfc8 21.
Qd2 Rc4 22. Rc1 Rac8 23. Rxc4 Rxc4 24. Ra2 h6 25. Ra5 Qxa5 26. bxa5 Rc2 27. Qxc2
Bxc2 28. a6 Bd3 29. d5 Bxa6 30. d6 Kf8 31. Bxa7 Ke8 32. Bc5 Kd7 33. Ba3 g6 34.
h4 Ke6 35. g3 Bb5 36. Bb4 Bc6 37. Ba3 Bb5 38. Bb4 Bc6 39. Ba3 Bb5 1/2-1/2

[Event "European Online CC GpB"]
[Site "Tornelo INT"]
[Date "2021.03.28"]
[Round "8.3"]
[Board "2"]
[White "Baltag, Iulian"]
[Black "Engel, Luis"]
[Result "1/2-1/2"]
[WhiteTitle "IM"]
[BlackTitle "GM"]
[WhiteElo "2393"]
[BlackElo "2553"]
[WhiteTeam "Stanislas Echecs"]
[BlackTeam "Hamburger Schachklub 1830"]
[WhiteFideId "13901419"]
[BlackFideId "12961523"]
[EventDate "2021.03.27"]
[EventType "team"]

1. d4 Nf6 2. c4 e6 3. Nc3 Bb4 4. e3 O-O 5. Ne2 c6 6. a3 Ba5 7. b4 Bc7 8. Ng3 d5
9. Bb2 Nbd7 10. Be2 dxc4 11. Bxc4 e5 12. dxe5 Nxe5 13. Be2 Be6 14. Nce4 Nxe4 15.
Nxe4 Qh4 16. Nc5 Rad8 17. Qc2 b6 18. Nxe6 fxe6 19. g3 Qh3 20. Qe4 Qf5 21. Qxf5
Rxf5 22. Rc1 c5 23. bxc5 bxc5 24. Bxe5 Rxe5 25. O-O Kf7 26. Bc4 Ke7 27. Rfd1
Rxd1+ 28. Rxd1 Rf5 29. f4 Rf8 30. Kf2 g5 31. Ke2 gxf4 32. exf4 e5 33. Bb5 1/2-1/2

[Event "European Online CC GpB"]
[Site "Tornelo INT"]
[Date "2021.03.28"]
[Round "8.5"]
[Board "2"]
[White "Galburd, Yan"]
[Black "Admiraal, Miguoel"]
[Result "1/2-1/2"]
[WhiteTitle "IM"]
[BlackTitle "IM"]
[WhiteElo "2435"]
[BlackElo "2475"]
[WhiteTeam "Tsafrir Rehovot Chess Club"]
[BlackTeam "De Pluspion Wachtebeke"]
[WhiteFideId "2808528"]
[BlackFideId "1019716"]
[EventDate "2021.03.27"]
[EventType "team"]

1. d4 d5 2. Bf4 c5 3. e3 Nc6 4. Nf3 cxd4 5. exd4 Bf5 6. c3 e6 7. Qb3 Qd7 8. Nbd2
f6 9. Bg3 g5 10. Be2 h5 11. h4 g4 12. Nh2 Nge7 13. O-O Ng6 14. Bb5 Bd6 15. Rfe1
Kf7 16. Bxd6 Qxd6 17. g3 Nce7 18. Bf1 Rhg8 19. Bg2 Nxh4 20. gxh4 g3 21. fxg3
Qxg3 22. Re2 Qxh4 23. Kh1 Bd3 24. Nf3 Qg3 25. Nf1 Qf4 26. Rf2 Rxg2 27. Kxg2 Rg8+
28. Kh1 Be4 29. Nd2 Qh4+ 30. Rh2 Qg4 31. Rf1 Nf5 32. Qxb7+ Kf8 33. Qb8+ Kf7 34.
Qc7+ Kf8 35. Qb8+ Kf7 36. Qxa7+ Kf8 37. Qb8+ Kf7 38. Qc7+ Kf8 39. Qb8+ Kf7 40.
Qc7+ Kf8 41. Qb8+ 1/2-1/2